000 00509nam a2200205Ia 4500
005 20240823030124.0
008 240823s9999||||xx |||||||||||||| ||und||
020 _a978-81-265-2152-4
041 _aENGLISH
082 _A621.4021 Q0
100 _aClaus Borgnakke
245 0 _aFundamentals of Thermodynamics
250 _a7th
260 _c2010
_bWiley India Pv
_aNew Delhi
500 _aYES
650 _aThermodynamics
_bMechanical
700 _a Richard E Sonntag
942 _cBK
999 _c187942
_d187942